[Event "Challenge"]
[Site "http://www.queenalice.com/game.php?id=1321045"]
[Date "2014.11.8"]
[Round "-"]
[White "ORNELAS"]
[Black "gobblemate"]
[Result "1-0"]
[WhiteElo "1625"]
[BlackElo "1413"]

1. e4 d5 2. e5 c5 3. c3 Nc6 4. Bb5 Bd7 5. Nf3 Nxe5 6. Nxe5 Bxb5 7. d3 Nf6 8. Bg5
e6 9. O-O Be7 10. a4 O-O 11. axb5 Qc7 12. d4 Rfc8 13. Qf3 c4 14. Qg3 Ne4 15. Qg4
Bxg5 16. f3 Be3+ 17. Kh1 Nf2+ 18. Rxf2 Bxf2 19. Nd2 Be3 20. Nf1 Bh6 21. Ng3 1-0

[Event "Challenge"]
[Site "http://www.queenalice.com/game.php?id=1323164"]
[Date "2014.11.20"]
[Round "-"]
[White "arpia"]
[Black "gobblemate"]
[Result "1-0"]
[WhiteElo "1677"]
[BlackElo "1042"]

1. e4 c5 2. Nf3 e6 3. Nc3 Nc6 4. Bb5 Nd4 5. Nxd4 cxd4 6. Ne2 Nf6 7. O-O Qb6 8.
Bc4 Nxe4 9. d3 Nf6 10. Rb1 d5 11. Bb3 Bd7 12. c3 dxc3 13. bxc3 Bd6 14. Bg5 Ng4
15. Bxd5 1-0

[Event "Let's Play Chess!"]
[Site "http://www.queenalice.com/game.php?id=1323767"]
[Date "2014.11.23"]
[Round "-"]
[White "schalturtjik"]
[Black "gobblemate"]
[Result "1-0"]
[WhiteElo "2013"]
[BlackElo "1280"]

1. e4 c5 2. Nf3 e6 3. d4 cxd4 4. Nxd4 Bc5 5. Nb3 Bb4+ 6. c3 Be7 7. Be2 Nc6 8.
O-O Nf6 9. f3 h6 10. Be3 O-O 11. c4 d5 12. cxd5 exd5 13. exd5 Qxd5 14. Nc3 Qe6
15. Bf2 Bd7 16. Re1 Qe5 17. Bb5 Qg5 18. Bxc6 Bh3 19. f4 Qg6 20. Bxb7 1-0

[Event "Let's "]
[Site "http://www.queenalice.com/game.php?id=1323791"]
[Date "2014.11.23"]
[Round "-"]
[White "gobblemate"]
[Black "Poison"]
[Result "0-1"]
[WhiteElo "1844"]
[BlackElo "2099"]

1. d4 e6 2. c4 Nf6 3. Nc3 Bb4 4. Bd2 b6 5. Qc2 Bb7 6. e3 O-O 7. Nge2 c5 8. a3
Ba5 9. Ng3 d5 10. Rb1 cxd4 11. exd4 dxc4 12. Bxc4 Nc6 0-1

[Event "Let's Play"]
[Site "http://www.queenalice.com/game.php?id=1323792"]
[Date "2014.11.23"]
[Round "-"]
[White "gobblemate"]
[Black "Poison"]
[Result "0-1"]
[WhiteElo "1850"]
[BlackElo "2093"]

1. e4 e5 2. Nf3 Nc6 3. Bb5 a6 4. Ba4 Nf6 5. d3 Bc5 6. c3 d6 7. h3 O-O 8. Bc2 d5
9. Nbd2 dxe4 10. dxe4 Qe7 0-1

[Event "Let's Play Chess!"]
[Site "http://www.queenalice.com/game.php?id=1323793"]
[Date "2014.11.23"]
[Round "-"]
[White "gobblemate"]
[Black "Poison"]
[Result "0-1"]
[WhiteElo "1857"]
[BlackElo "2086"]

1. f4 Nf6 2. Nf3 c5 3. e3 g6 4. Be2 Bg7 5. O-O d5 6. c3 O-O 7. a3 Nc6 8. b4 c4
9. b5 Na5 10. Ra2 Bf5 11. d3 Nb3 12. Nd4 Nxc1 0-1

[Event "Challenge"]
[Site "http://www.queenalice.com/game.php?id=1323800"]
[Date "2014.11.23"]
[Round "-"]
[White "goldenboy"]
[Black "gobblemate"]
[Result "1-0"]
[WhiteElo "2136"]
[BlackElo "1444"]

1. e4 c5 2. f4 Nc6 3. Nf3 g6 4. d4 cxd4 5. Nxd4 Nf6 6. Nxc6 bxc6 7. e5 Nd5 8. c4
Nc7 9. Qd4 Ne6 10. Qe4 Qb6 11. Nc3 Qd4 12. Be3 Qxe4 13. Nxe4 Bg7 14. O-O-O O-O
15. g3 f6 16. exf6 Bxf6 17. Bh3 d6 18. Rhf1 Ng7 19. Bxc8 Raxc8 20. Nxf6+ Rxf6
21. Bxa7 1-0

[Event "Challenge"]
[Site "http://www.queenalice.com/game.php?id=1323991"]
[Date "2014.11.24"]
[Round "-"]
[White "IgorAbreu"]
[Black "gobblemate"]
[Result "0-1"]
[WhiteElo "1408"]
[BlackElo "1840"]

1. e4 e6 2. c3 d5 3. exd5 exd5 4. b3 Bf5 5. d3 d4 6. c4 Nc6 7. Qf3 Qd7 8. g3 Nf6
9. Bb2 Bb4+ 10. Kd1 Bg4 11. Qe2+ Bxe2+ 12. Bxe2 O-O 13. Nf3 Rfe8 14. a3 Rxe2 15.
Kxe2 Re8+ 16. Kf1 Qh3+ 17. Kg1 Be1 18. a4 Ng4 19. Ng5 Bxf2# 0-1

[Event "Challenge"]
[Site "http://www.queenalice.com/game.php?id=1323992"]
[Date "2014.11.24"]
[Round "-"]
[White "gobblemate"]
[Black "IgorAbreu"]
[Result "1-0"]
[WhiteElo "1883"]
[BlackElo "1406"]

1. e4 e5 2. f4 exf4 3. Nf3 g5 4. h4 f6 5. Bc4 c6 6. Nc3 b5 7. Bb3 Nh6 8. hxg5
fxg5 9. Ne5 Qb6 10. Rxh6 Bxh6 11. Qh5+ Ke7 12. Qxh6 Qg1+ 13. Ke2 Qxg2+ 14. Ke1
b4 15. Qg7+ Kd6 16. Nc4+ Kc7 17. Qe5+ d6 18. Qxd6+ Kb7 19. Na5+ Kb6 20. Nd5+ Kb5
21. Qxb4+ 1-0

[Event "Challenge"]
[Site "http://www.queenalice.com/game.php?id=1324400"]
[Date "2014.11.26"]
[Round "-"]
[White "gobblemate"]
[Black "adelio"]
[Result "0-1"]
[WhiteElo "1135"]
[BlackElo "1790"]

1. e4 a6 2. d3 c5 3. Nc3 Nc6 4. Be3 e5 5. Be2 Be7 6. Kd2 Nd4 7. Kc1 b5 8. Nd5
Bg5 9. Nf3 Bxe3+ 10. fxe3 Nxe2+ 11. Qxe2 d6 12. h4 Bg4 13. a4 b4 14. Qf2 Nf6 15.
Nd2 Be6 16. c4 Ng4 17. Qg3 h5 18. Nf1 b3 19. Nd2 Rb8 20. Nc3 f5 0-1

[Event "Challenge"]
[Site "http://www.queenalice.com/game.php?id=1324401"]
[Date "2014.11.26"]
[Round "-"]
[White "adelio"]
[Black "gobblemate"]
[Result "1-0"]
[WhiteElo "1788"]
[BlackElo "1137"]

1. Nf3 b6 2. c4 Bb7 3. e3 e5 4. Nxe5 d6 5. Nxf7 Kxf7 6. Nc3 Nf6 7. e4 Be7 8. Qf3
Re8 9. d3 Kg8 10. Be2 Nc6 11. Qg3 Nd4 12. Bh6 Bf8 13. Bxg7 Bxg7 14. O-O Nxe2+
15. Nxe2 Nxe4 16. dxe4 Bxe4 17. Nc3 Bg6 18. Nd5 Re5 19. Nf4 Rg5 20. Qb3 1-0